Things That Are Blue Quiz Stats

 Plays Quiz Updated Jun 11, 2018

Challenge
Share
Tweet
Score 0/20 Timer 04:00
5 Plays Today
% Correct
Blue sky
98.4%
Blueberries
98.1%
Smurf
97.1%
Superman
96.1%
Swimming pool
94.5%
Ink
94.4%
Toothpaste
94.3%
Peacock
94%
Cookie Monster
93.9%
Na'vi
92.3%
% Correct
China
84.9%
Stitch
84.6%
Flame
83.2%
Blue Man Group
78.6%
Blue Jay
78.3%
Starry Night
72.2%
Flag of Greece
66.3%
New York Giants
65.1%
Great Blue Heron
57.7%
Lapis Lazuli
23.2%

You're not logged in!

Compare scores with friends on all Sporcle quizzes.
OR
Log In

You Might Also Like...

Show Comments

Extras

Top Quizzes Today


Score Distribution

Your Account Isn't Verified!

In order to create a playlist on Sporcle, you need to verify the email address you used during registration. Go to your Sporcle Settings to finish the process.

Report this User

Report this user for behavior that violates our Community Guidelines.

Details: